LIBRARY & INFORMATION CENTRE, KCAET, TAVANUR

ONLINE PUBLIC ACCESS CATALOGUE (OPAC)

manorama year book (Record no. 16195)

MARC details
000 -LEADER
fixed length control field 00209nam a22000977a 4500
003 - CONTROL NUMBER IDENTIFIER
control field OSt
008 - FIXED-LENGTH DATA ELEMENTS--GENERAL INFORMATION
fixed length control field 200619b ||||| |||| 00| 0 eng d
100 ## - MAIN ENTRY--AUTHOR NAME
Personal name manorama
245 ## - TITLE STATEMENT
Title manorama year book
942 ## - ADDED ENTRY ELEMENTS (KOHA)
Koha item type Books
Holdings
Withdrawn status Lost status Damaged status Home library Current library Date acquired Cost, normal purchase price Accession Number Koha item type
Withdrawn   Damaged KAUAET KAUAET 19/06/2020 5.00 7208 Books
Withdrawn     KAUAET KAUAET 16/11/2023   11180 Books
Withdrawn     KAUAET Malayalam University 13/11/2023   12135 Books
free website counter